000
00317nam a2200145Ia 4500
100
_a
Liskin M
942
_c
BK
654
_a
Computer
245
_a
Programing Foxpro 2.5. also covers Ver 2.6.
260
_b
BPB Pub
_a
New Delhi
_c
1995
082
_a
005.13 'F'
300
_a
648
546
_a
ENGLISH
999
_c
30197
_d
30197